000 00437nam a2200181Ia 4500
001 9648
005 20260306161734.0
008 260306t1995||||xx |||||||||||||| ||spa||
041 _aESP
082 _aS 387
_bP44
100 _aPérez Puig, Albert
_eAUT
245 0 _aEl libro del mundo de los agentes de viajes
260 _c1995
300 _a416 páginas :
_c24 cm.
650 _aGEN
654 _aCHU
942 _cLIB
_dJUS
_fJUS
_2ddc
_n
999 _c9648
_d9648